000 03068nab a2200349 i 4500
003 BR-BrBNA
005 20250121105845.0
008 250121b2016 bl.|r|pooa||| 00| 0 por |
040 _aBR-BrBNA
_bpor
072 _aL70
_b5400
100 _aDalmolin, F.
100 _aLhamas, C.L.
100 _aPinto Filho, S.T.L.
100 _aFeranti, J.P.S.
100 _aPoerschke, A.
100 _aBeck, R.C.
100 _aAbdalla, F.H.
100 _aAndrade, C.M.
100 _aBrun, M.V.
245 _aBiomarcadores inflamatórios e de estresse oxidativo em cadelas submetidas à ováriohisterectomia videoassistida ou convencional
500 _a Publicação online; 34 ref.; Summaries (En, Pt)
520 _a RESUMO - A videocirurgia é atualmente uma das principais ferramentas operatórias, com vantagens que incluem menor estresse, incisões e dor pós-operatória quando comparada aos procedimentos abertos. Objetivou-se comparar o processo inflamatório e o estresse oxidativo resultantes das técnicas de ovário-histerectomia (OVH) convencional e videoassistida, com dois portais em cadelas, por meio de hemograma, avaliação de acetilcolinesterase, butirilcolinesterase, catalase e malondialdeído séricos, imediatamente antes da operação e duas, seis, 12, 24, 48 e 72 horas após a cirurgia. Observou-se menor estresse cirúrgico nas pacientes operadas pela técnica videoassistida, e sugere-se que a técnica convencional possa implicar peroxidação lipídica, mesmo com o uso de anti-inflamatório. Palavras-chave: espécies reativas, videocirurgia, acetilcolinesterase, butirilcolinesterase, peroxidação lipídica
520 _a ABSTRACT - Videosurgery is currently a very important surgical tool with several benefits over the open surgery, including less surgical stress, shorter incisions and less postoperative pain. The purpose of this study was to compare the inflammatory process and oxidative stress between conventional and two-port laparoscopic-assisted ovariohisterectomy (OVH) in bitches. Complete blood counting, serum acetylcholinesterase, butyrylcholinesterase, catalase and malondialdehyde were assessed on the baseline and at two, six, 12, 24, 48 and 72 hours after surgery. The patients submitted to the videoassisted technique presented lower inflammatory response. There are suggestions that the conventional technique promotes lipid peroxidation, even with the use of anti-inflammatories. Keywords: reactive species, videosurgery, acetylcholinesterase, butyrylcholinesterase, lipid peroxidation
650 _aCÃO
650 _aCIRURGIA
650 _aSTRESS
650 _aVETERINÁRIA
773 0 _01643
_9347391
_dBelo Horizonte-MG Universidade Federal de Minas Gerais - Escola de Veterinaria 1983
_o2024-8404
_tArquivo Brasileiro de Medicina Veterinária e Zootecnia (Brazil)
_x0102-0935
_gv. 68(3) p. 687-694; (2016)
_wBR2024004482
856 _uhttps://www.scielo.br/j/abmvz/a/bJVhQPZvVCrSHnz4XjR5XYz/?format=pdf&lang=pt
942 _cANA
999 _c329630
_d329630